000 01564nam a2200349Ia 4500
005 20220317000416.0
008 121119s 2014ck a 000 f und d
020 _a9789588845043
041 0 _aspa
100 1 0 _aAristizábal Correa, Susana
245 1 0 _aUn castillo de libros
_cSusana Aristizábal ; ilustraciones Nel Correa
250 _a1a. edición
300 _a36 páginas sin numeración
_bilustraciones en color
490 _aLeer en mi cuento
500 _aVersión digital de la página www.manguared.gov.co
500 _aEste documento se desarrolla en el marco del Convenio de Asociación 529 de 2013 "Alianza Público Privada de Impulso y Sostenibilidad de la Política Pública de Primera Infancia.
650 1 4 _2LEMB
_aLiteratura infantil colombiana
650 1 4 _2LEMB
_aCuentos infantiles colombianos
650 1 4 _2LEMB
_aLibros en la literatura
650 1 4 _aLibros ilustrados para niños
_2LEMB
700 1 0 _aCorrea, Nel
_eilustrador
_919668
710 1 0 _aFundación Taller de Letras Jordi Sierra i Fabra
_919669
830 _aDe cero a siempre
_pColección para la Primera Infancia del Ministerio de Cultura, Plan Nacional de Lectura y Escritura Leer es mi cuento
856 _uhttp://online.anyflip.com/asci/jcjx/
_zAcceso web
942 _2loc
_cLIBELEC
264 _aMedellín
_bMinisterio de Cultura
_bTragaluz
_c2014
336 _atexto
_btxt
_2rdacontent
337 _asin mediación
_bn
_2rdamedia
338 _avolumen
_bnc
_2rdacarrier
040 _aCO-BoRNBP
_bspa
_erda
_cCO-BoRNBP
084 _aC ARISC-E-BOOK
999 _c3958
_d3958